000 00343nam a2200145Ia 4500
005 20250508034024.0
008 240331s9999 xx 000 0 und d
082 _bBAL
_a894
100 _aBaleswari,N
245 0 _aEnge neyo nanum ange unodil
260 _aChennai
_bAlamu Achagam
_c1993
300 _a252 p .,
650 _aNovel
942 _cL
999 _c4705
_d4705